Tomoko takes the lead / by Kit Rosewater ; ... Read More
Available copies
- 2 of 2 copies available at LARL/NWRL Consortium.
Current holds
0 current holds with 2 total copies.
Show Only Available Copies
| Location | Call Number / Copy Notes | Barcode | Shelving Location | Status | Due Date |
|---|---|---|---|---|---|
| Breckenridge Public Library | J ROS (Text) | 33500013459292 | Main | Available | - |
| Moorhead Public Library | J ROS (Text) | 33500013459284 | Main | Available | - |
Record details
- ISBN: 9781419751721
- ISBN: 1419751727
- Physical Description: 164 pages : illustrations ; 21 cm.
- Publisher: New York : Amulet Books, 2021.
Content descriptions
| Summary, etc.: | When they get lost in a strange city during roller ... Read More |
| Target Audience Note: | Ages 8 to 12. Amulet Books. |
Search for related items by subject
| Genre: | Fiction. Juvenile works. Fiction. |
Search for related items by series
| LDR | 02557cam a22006258i 4500 | ||
|---|---|---|---|
| 001 | 371476 | ||
| 003 | LARL_NWRL_CONSORTIUM | ||
| 005 | 20210719225404.0 | ||
| 008 | 210212s2021 nyua c 000 1 eng | ||
| 010 | . | ‡a 2021005941 | |
| 040 | . | ‡aDLC ‡beng ‡erda ‡cDLC ‡dTOH ‡dOCLCO ‡dOCLCF ‡dOQX ‡dJAS ‡dHBP ‡dVP@ ‡dMDB ‡dTXG ‡dILC | |
| 019 | . | ‡a1252628411 ‡a1257263530 | |
| 020 | . | ‡a9781419751721 ‡q(hardcover) | |
| 020 | . | ‡a1419751727 ‡q(hardcover) | |
| 020 | . | ‡z9781647003494 ‡q(ebook) | |
| 035 | . | ‡a(OCoLC)1200494934 ‡z(OCoLC)1252628411 ‡z(OCoLC)1257263530 | |
| 042 | . | ‡apcc ‡alcac | |
| 082 | 0 | 0. | ‡a[Fic] ‡223 |
| 100 | 1 | . | ‡aRosewater, Kit, ‡eauthor. |
| 245 | 1 | 0. | ‡aTomoko takes the lead / ‡cby Kit Rosewater ; illustrated by Sophie Escabasse. |
| 264 | 1. | ‡aNew York : ‡bAmulet Books, ‡c2021. | |
| 300 | . | ‡a164 pages : ‡billustrations ; ‡c21 cm. | |
| 336 | . | ‡atext ‡btxt ‡2rdacontent | |
| 337 | . | ‡aunmediated ‡bn ‡2rdamedia | |
| 338 | . | ‡avolume ‡bnc ‡2rdacarrier | |
| 490 | 0 | . | ‡aDerby Daredevils ; ‡v3 |
| 521 | . | ‡aAges 8 to 12. ‡bAmulet Books. | |
| 520 | . | ‡aWhen they get lost in a strange city during roller derby camp, the Daredevils lose their confidence and their ability to work as a team, but shy Tomoko's wilderness skills and navigational know-how help them escape the urban jungle. | |
| 650 | 0. | ‡aRoller derby ‡vJuvenile fiction. | |
| 650 | 0. | ‡aLeadership ‡vJuvenile fiction. | |
| 650 | 0. | ‡aDiscrimination ‡vJuvenile fiction. | |
| 650 | 0. | ‡aJapanese Americans ‡vJuvenile fiction. | |
| 650 | 1. | ‡aRoller derby ‡vFiction. | |
| 650 | 1. | ‡aLeadership ‡vFiction. | |
| 650 | 1. | ‡aLost children ‡vFiction. | |
| 650 | 1. | ‡aDiscrimination ‡vFiction. | |
| 650 | 1. | ‡aJapanese Americans ‡vFiction. ‡0(LARL_NWRL_CONSORTIUM)165738 | |
| 650 | 7. | ‡aJUVENILE FICTION / Sports & Recreation / General. ‡2bisacsh | |
| 650 | 7. | ‡aJUVENILE FICTION / People & Places / United States / Asian American. ‡2bisacsh | |
| 650 | 7. | ‡aDiscrimination. ‡2fast ‡0(LARL_NWRL_CONSORTIUM)18596 | |
| 650 | 7. | ‡aJapanese Americans. ‡2fast ‡0(LARL_NWRL_CONSORTIUM)23654 | |
| 650 | 7. | ‡aLeadership. ‡2fast ‡0(LARL_NWRL_CONSORTIUM)24364 | |
| 650 | 7. | ‡aRoller derby. ‡2fast | |
| 655 | 7. | ‡aFiction. ‡2fast | |
| 655 | 7. | ‡aJuvenile works. ‡2fast | |
| 655 | 7. | ‡aFiction. ‡2lcgft | |
| 700 | 1 | . | ‡aEscabasse, Sophie, ‡eillustrator. |
| 905 | . | ‡uvanderl | |
| 901 | . | ‡a371476 ‡b ‡c371476 ‡tbiblio ‡soclc | |

Add to basket
Permalink
Disable Highlighting